[Event "Eastern Ontario op"]
[Site "Ottawa CAN"]
[Date "2023.06.18"]
[Round "5.2"]
[White "Wang, Derek"]
[Black "Han, Johnathan"]
[Result "0-1"]
[WhiteElo "2114"]
[BlackElo "2379"]
[PlyCount "102"]
[EventDate "2023.06.16"]
[EventType "swiss"]
[EventRounds "5"]
[EventCountry "CAN"]

1. Nf3 g6 2. d4 Bg7 3. c4 c5 4. Nc3 cxd4 5. Nxd4 Nc6 6. e3 Nf6 7. Be2 O-O 8.
Bf3 Ne5 9. b3 Nxf3+ 10. Qxf3 Rb8 11. Bb2 b6 12. O-O Bb7 13. Qe2 Rc8 14. Rfd1
Qc7 15. Ndb5 Qb8 16. Rac1 Rfd8 17. f3 a6 18. Nd4 d5 19. cxd5 Nxd5 20. Nxd5 Rxd5
21. Rxc8+ Qxc8 22. Rc1 Rc5 23. Qd2 Qd7 24. Bc3 Rd5 25. Qb2 Bh6 26. Rd1 Rc5 27.
Bd2 Bg7 28. Bc3 Qc7 29. Rc1 Rh5 30. h3 Rc5 31. Ne2 e5 32. Qd2 Rd5 33. Qe1 Qd8
34. e4 Rd3 35. Qg3 Qd6 36. Qe1 h5 37. Bb4 Qd7 38. Kh2 a5 39. Bc3 Ba6 40. Ng3
Qd6 41. Rc2 Bh6 42. Ne2 Re3 43. Rd2 Qc6 44. Bxe5 Rxe2 45. Rxe2 Qb5 46. Rc2
Qxe5+ 47. Kh1 Bf8 48. Qc3 Qg3 49. Qc7 Bd6 50. Qd8+ Kh7 51. e5 Qe1+ 0-1

[Event "Ontario op"]
[Site "Ottawa CAN"]
[Date "2023.05.20"]
[Round "2.1"]
[White "Han, Johnathan"]
[Black "Liang, Jason"]
[Result "1-0"]
[WhiteElo "2269"]
[BlackElo "2628"]
[PlyCount "131"]
[EventDate "2023.05.20"]
[EventType "swiss"]
[EventRounds "6"]
[EventCountry "CAN"]

1. e4 c5 2. Nf3 e6 3. d4 cxd4 4. Nxd4 Nc6 5. Nc3 Qc7 6. Be2 Nf6 7. O-O a6 8.
Be3 Be7 9. f4 d6 10. Qe1 O-O 11. Qg3 Nxd4 12. Bxd4 b5 13. a3 Bb7 14. Kh1 Rad8
15. Rae1 Bc6 16. Bd3 Nh5 17. Qg4 Nf6 18. Qg3 Qd7 19. Nd1 Nh5 20. Qg4 Nf6 21.
Qg3 g6 22. Nf2 Nh5 23. Qe3 Bf6 24. Bxf6 Nxf6 25. e5 dxe5 26. fxe5 Nh5 27. Ng4
Qd4 28. Qg5 Rd5 29. Be4 f6 30. Qh4 f5 31. Qe7 Qc5 32. Qxe6+ Kh8 33. Bxd5 Bxd5
34. Qd6 Qxd6 35. exd6 Rd8 36. Ne3 Be6 37. Rd1 Kg7 38. Rd4 Nf6 39. Rfd1 g5 40.
g3 Bd7 41. Kg1 Kf7 42. Nd5 Ne4 43. g4 Ke6 44. Ne7 Ke5 45. Nxf5 h5 46. Ng3 Nxg3
47. hxg3 Bxg4 48. R1d2 Bd7 49. Rd5+ Kf6 50. Rf2+ Kg6 51. Re5 h4 52. gxh4 gxh4
53. Re7 Bf5 54. Rd2 Kf6 55. b3 Rg8+ 56. Kh2 h3 57. c4 bxc4 58. bxc4 Rc8 59. Rc7
Rd8 60. c5 Ke5 61. Re7+ Kf6 62. Rc7 Ke5 63. d7 Ke4 64. c6 Ke3 65. Rd5 Bg4 66.
Re5+ 1-0

[Event "Ontario op"]
[Site "Ottawa CAN"]
[Date "2023.05.21"]
[Round "3.2"]
[White "Vera, Reynaldo"]
[Black "Han, Johnathan"]
[Result "1/2-1/2"]
[WhiteElo "2412"]
[BlackElo "2269"]
[PlyCount "46"]
[EventDate "2023.05.20"]
[EventType "swiss"]
[EventRounds "6"]
[EventCountry "CAN"]

1. Nf3 Nf6 2. c4 e6 3. d4 d5 4. e3 b6 5. Nc3 Bb7 6. cxd5 exd5 7. Ne5 a6 8. Bd3
Bd6 9. f4 c5 10. Qf3 Nc6 11. O-O cxd4 12. exd4 Nxd4 13. Qh3 O-O 14. Nd7 Re8 15.
Nxf6+ Qxf6 16. Qxh7+ Kf8 17. Bd2 Ke7 18. Rae1+ Kd7 19. Qh3+ Ne6 20. Qf3 Nc5 21.
Qh3+ Ne6 22. Qf3 Nc5 23. Qh3+ Ne6 1/2-1/2

[Event "Ontario op"]
[Site "Ottawa CAN"]
[Date "2023.05.21"]
[Round "4.2"]
[White "Han, Johnathan"]
[Black "Plotkin, Victor"]
[Result "1/2-1/2"]
[WhiteElo "2269"]
[BlackElo "2369"]
[PlyCount "84"]
[EventDate "2023.05.20"]
[EventType "swiss"]
[EventRounds "6"]
[EventCountry "CAN"]

1. e4 e5 2. Nf3 Nf6 3. Nxe5 d6 4. Nf3 Nxe4 5. Nc3 Nxc3 6. dxc3 Be7 7. Be3 Nc6
8. Qd2 Be6 9. O-O-O Qd7 10. Kb1 a6 11. h3 O-O-O 12. Nd4 Bf6 13. Nxe6 fxe6 14.
g4 g6 15. Bg2 Rhf8 16. Rhf1 Rf7 17. c4 Bg7 18. Qd3 Ne5 19. Qb3 Nf3 20. Bd4 Qc6
21. Bxg7 Nd2+ 22. Rxd2 Qxg2 23. Rfd1 Rxg7 24. c5 Re7 25. cxd6 Rxd6 26. Qc3 Kd7
27. Qe5 Qc6 28. b3 b6 29. f4 Rxd2 30. Rxd2+ Kc8 31. f5 gxf5 32. gxf5 Re8 33.
Re2 Qh1+ 34. Kb2 Qxh3 35. fxe6 Qf3 36. Re4 Re7 37. Qd5 Qf6+ 38. Re5 Kb8 39. a4
a5 40. Ka2 Ka7 41. Qe4 Qf2 42. Rf5 Rxe6 1/2-1/2

[Event "Ontario op"]
[Site "Ottawa CAN"]
[Date "2023.05.22"]
[Round "5.2"]
[White "Han, Johnathan"]
[Black "Jaferian, Koosha"]
[Result "1-0"]
[WhiteElo "2269"]
[BlackElo "2383"]
[PlyCount "91"]
[EventDate "2023.05.20"]
[EventType "swiss"]
[EventRounds "6"]
[EventCountry "CAN"]

1. e4 c6 2. d4 d5 3. Nd2 dxe4 4. Nxe4 Bf5 5. Ng3 Bg6 6. h4 h6 7. Nf3 e6 8. h5
Bh7 9. Bd3 Bxd3 10. Qxd3 Nf6 11. Bd2 c5 12. O-O-O Nc6 13. Bc3 Qd5 14. dxc5 Qxd3
15. Rxd3 Bxc5 16. Kb1 Rc8 17. a3 Ke7 18. Nd4 Nxd4 19. Bxd4 Bxd4 20. Rxd4 Rhd8
21. Rhd1 Rxd4 22. Rxd4 Rc5 23. b4 Rg5 24. Rc4 Kd6 25. Kb2 Rd5 26. Kb3 Nxh5 27.
Ne4+ Ke7 28. Rc8 b6 29. Ra8 Rd7 30. Nc3 Nf4 31. Nb5 Nxg2 32. Nxa7 Kd6 33. c4 h5
34. a4 h4 35. a5 bxa5 36. c5+ Kd5 37. c6 Rc7 38. Rd8+ Ke4 39. b5 Rxa7 40. b6
Ra6 41. b7 Rb6+ 42. Ka4 h3 43. b8=Q Rxb8 44. Rxb8 g5 45. c7 h2 46. Rb1 1-0

[Event "Ontario op"]
[Site "Ottawa CAN"]
[Date "2023.05.22"]
[Round "6.1"]
[White "Sambuev, Bator"]
[Black "Han, Johnathan"]
[Result "0-1"]
[WhiteElo "2503"]
[BlackElo "2269"]
[PlyCount "122"]
[EventDate "2023.05.20"]
[EventType "swiss"]
[EventRounds "6"]
[EventCountry "CAN"]

1. d4 Nf6 2. c4 e6 3. Nc3 Bb4 4. e3 O-O 5. Bd3 d5 6. a3 Bxc3+ 7. bxc3 dxc4 8.
Bxc4 c5 9. Ne2 Qc7 10. Bd3 Nc6 11. Qc2 e5 12. d5 Nxd5 13. Bxh7+ Kh8 14. Bf5 Nf6
15. c4 Bxf5 16. Qxf5 Rad8 17. Bb2 Qd7 18. Qc2 Qd3 19. Qxd3 Rxd3 20. Nc1 Rd6 21.
Nb3 Nd7 22. Ke2 Nb6 23. Nxc5 Nxc4 24. Bc3 b5 25. g4 a5 26. Rhb1 Rb8 27. h4 Rd5
28. Ne4 a4 29. h5 N6a5 30. Ra2 Nb3 31. Bb4 Rc8 32. Rc2 Re8 33. Nc3 Nd4+ 34.
exd4 exd4+ 35. Kf3 dxc3 36. Rbc1 Rd3+ 37. Kg2 Re4 38. Rxc3 Rxg4+ 39. Kf1 Rxc3
40. Rxc3 Kh7 41. Rd3 Rg5 42. Rd7 f6 43. Bf8 Kg8 44. h6 Kxf8 45. h7 Rh5 46. Rd8+
Ke7 47. h8=Q Rxh8 48. Rxh8 Nxa3 49. Rb8 Kd6 50. Ke2 Kc5 51. Kd3 Kb4 52. Rb7 g5
53. Rf7 Kb3 54. Rxf6 b4 55. Kd2 Nb1+ 56. Kc1 Nc3 57. Rg6 a3 58. Rxg5 a2 59. Ra5
Na4 60. Rxa4 Kxa4 61. Kb2 b3 0-1

[Event "CAN-ch"]
[Site "Toronto CAN"]
[Date "2023.04.06"]
[Round "1.10"]
[White "Han, Johnathan"]
[Black "Guillemette, Hugo"]
[Result "1-0"]
[WhiteElo "2269"]
[BlackElo "2124"]
[PlyCount "63"]
[EventDate "2023.04.06"]
[EventType "swiss"]
[EventRounds "9"]
[EventCountry "CAN"]

1. e4 c5 2. Nf3 e6 3. d4 cxd4 4. Nxd4 Nc6 5. Nc3 Qc7 6. Be2 a6 7. O-O Nf6 8.
Be3 Bb4 9. Na4 Be7 10. Nxc6 bxc6 11. Nb6 Rb8 12. Nxc8 Qxc8 13. Bd4 c5 14. Be5
Rb6 15. Qd3 d6 16. Bc3 O-O 17. b3 d5 18. exd5 exd5 19. Rad1 d4 20. Ba5 Re6 21.
Bf3 Bd6 22. c3 Be5 23. cxd4 cxd4 24. Rc1 Qb8 25. g3 Rc8 26. Bg2 Nd7 27. Bh3 Rd6
28. Rfe1 Rxc1 29. Rxc1 Qa8 30. Bxd7 Rxd7 31. Qf5 Qe8 32. Qxe5 1-0

[Event "CAN-ch"]
[Site "Toronto CAN"]
[Date "2023.04.07"]
[Round "3.6"]
[White "Han, Johnathan"]
[Black "Latorre, Vincent"]
[Result "1/2-1/2"]
[WhiteElo "2269"]
[BlackElo "2200"]
[PlyCount "88"]
[EventDate "2023.04.06"]
[EventType "swiss"]
[EventRounds "9"]
[EventCountry "CAN"]

1. e4 e5 2. Nf3 Nc6 3. d4 exd4 4. Nxd4 Bc5 5. Nxc6 Qf6 6. Qf3 dxc6 7. Nc3 Be6
8. Be3 Bb4 9. Bd2 Qxf3 10. gxf3 Ne7 11. a3 Bd6 12. f4 f5 13. e5 Bc5 14. Be3 Bb6
15. Rg1 Kf7 16. Bd3 Rad8 17. O-O-O Nd5 18. Nxd5 cxd5 19. Bxb6 axb6 20. Rg3 g6
21. Bf1 Ra8 22. Rc3 c6 23. h4 h5 24. Be2 Ke7 25. Rg3 Bf7 26. c3 Rhc8 27. Bd3
Ra4 28. Rf3 b5 29. Re1 Be6 30. Bc2 Raa8 31. Rg1 Rg8 32. Bd3 Rad8 33. Rfg3 Bf7
34. Be2 Rh8 35. Rd3 Ra8 36. Kc2 Ra4 37. Rd4 Rha8 38. Rb4 Be8 39. Rd1 R4a5 40.
Rbd4 Bf7 41. Rb4 Be8 42. Rbd4 Bf7 43. Rb4 Be8 44. Rbd4 Bf7 1/2-1/2

[Event "CAN-ch"]
[Site "Toronto CAN"]
[Date "2023.04.08"]
[Round "4.7"]
[White "Song, Ethan"]
[Black "Han, Johnathan"]
[Result "1/2-1/2"]
[WhiteElo "2088"]
[BlackElo "2269"]
[PlyCount "71"]
[EventDate "2023.04.06"]
[EventType "swiss"]
[EventRounds "9"]
[EventCountry "CAN"]

1. e4 c5 2. Nf3 d6 3. Bb5+ Nd7 4. Ba4 Ngf6 5. d3 e6 6. O-O a6 7. c4 Be7 8. Nc3
O-O 9. Bc2 Ne5 10. Ng5 Ne8 11. Nh3 Nc6 12. f4 Nc7 13. Be3 d5 14. Bf2 b5 15.
cxd5 exd5 16. f5 Bb7 17. f6 Bxf6 18. Bxc5 Bd4+ 19. Bxd4 Nxd4 20. Nf4 Rc8 21.
Bb3 Nxb3 22. Qxb3 dxe4 23. dxe4 Qg5 24. Rad1 Ne8 25. Ne6 Qe3+ 26. Kh1 Rxc3 27.
bxc3 Qxe4 28. Nf4 Nf6 29. Qb4 Qe5 30. Qd4 Qf5 31. Rde1 Qg4 32. h3 Qc8 33. Re5
Rd8 34. Qe3 h6 35. Kg1 Qc4 36. Nh5 1/2-1/2

[Event "CAN-ch"]
[Site "Toronto CAN"]
[Date "2023.04.08"]
[Round "5.7"]
[White "Han, Johnathan"]
[Black "Xu, Daniel"]
[Result "0-1"]
[WhiteElo "2269"]
[BlackElo "2403"]
[PlyCount "92"]
[EventDate "2023.04.06"]
[EventType "swiss"]
[EventRounds "9"]
[EventCountry "CAN"]

1. e4 c5 2. Nf3 d6 3. d4 cxd4 4. Nxd4 Nf6 5. Nc3 a6 6. Bg5 e6 7. f4 Be7 8. Qf3
Qc7 9. O-O-O Nbd7 10. g4 b5 11. Bxf6 Nxf6 12. g5 Nd7 13. f5 O-O 14. Rg1 b4 15.
Nce2 e5 16. f6 exd4 17. fxe7 Re8 18. Nxd4 Ne5 19. Qb3 Qc5 20. Rg3 Rxe7 21. Bh3
Bxh3 22. Rxh3 Nc4 23. Qd3 Qxg5+ 24. Kb1 Ne5 25. Qf1 Ng6 26. Rg3 Qh5 27. Nf5
Rxe4 28. Nxd6 Rf4 29. Qg1 Qe2 30. Rg2 Qe5 31. Rgd2 a5 32. Qh1 Rb8 33. Rd5 Qe2
34. Re1 Qa6 35. Nf5 a4 36. Nd4 a3 37. b3 Qf6 38. Qg1 h6 39. Qe3 Nh4 40. Rd1 Nf3
41. c3 bxc3 42. Nc2 Nd2+ 43. Kc1 Rf3 44. Qe5 Qb6 45. Nxa3 Ra8 46. Rb5 Qa7 0-1

[Event "CAN-ch"]
[Site "Toronto CAN"]
[Date "2023.04.09"]
[Round "6.11"]
[White "Yang, Lefan"]
[Black "Han, Johnathan"]
[Result "0-1"]
[WhiteElo "2180"]
[BlackElo "2269"]
[PlyCount "72"]
[EventDate "2023.04.06"]
[EventType "swiss"]
[EventRounds "9"]
[EventCountry "CAN"]

1. d4 Nf6 2. c4 e6 3. Nc3 Bb4 4. e3 O-O 5. Nge2 d5 6. a3 Be7 7. cxd5 exd5 8.
Nf4 c6 9. Bd3 Re8 10. O-O Nbd7 11. f3 Nf8 12. Bc2 Ne6 13. Nd3 Bd6 14. Ne5 g6
15. f4 Ng7 16. Bd2 Bf5 17. Bb3 Ne4 18. Nxe4 Bxe4 19. Ng4 Nf5 20. Nf2 Bc7 21.
Nxe4 Rxe4 22. Re1 Re8 23. Bc2 Qf6 24. Qf3 Nd6 25. Bd3 Ne4 26. Bc3 Re7 27. Re2
a5 28. Bxe4 Rxe4 29. b3 Rae8 30. Rae1 Qe7 31. f5 Qxa3 32. f6 Qd6 33. g4 h6 34.
Ra2 b6 35. Rg2 Bd8 36. Rf2 Qe6 0-1

[Event "CAN-ch"]
[Site "Toronto CAN"]
[Date "2023.04.10"]
[Round "7.20"]
[White "Chen, Max"]
[Black "Han, Johnathan"]
[Result "1-0"]
[WhiteElo "2345"]
[BlackElo "2269"]
[PlyCount "59"]
[EventDate "2023.04.06"]
[EventType "swiss"]
[EventRounds "9"]
[EventCountry "CAN"]

1. b3 Nf6 2. Bb2 g6 3. Bxf6 exf6 4. d4 d5 5. g3 Bg7 6. Bg2 O-O 7. e3 Re8 8. Ne2
c6 9. O-O h5 10. c4 dxc4 11. bxc4 f5 12. Nbc3 Nd7 13. Rb1 Nf6 14. d5 cxd5 15.
cxd5 a6 16. Qb3 Nd7 17. d6 Bf8 18. Rfd1 Rb8 19. Rbc1 Qf6 20. Nd5 Qe5 21. Nef4
Qg7 22. Nc7 Re5 23. Nd3 Ra5 24. Ne8 Qh8 25. Bd5 Rb5 26. Bxf7+ Kh7 27. Qe6 Ne5
28. Rxc8 Rxc8 29. Nxe5 Qxe5 30. Qxg6+ 1-0

[Event "CAN-ch"]
[Site "Toronto CAN"]
[Date "2023.04.10"]
[Round "8.21"]
[White "Han, Johnathan"]
[Black "Oancea, Nicolae"]
[Result "1/2-1/2"]
[WhiteElo "2269"]
[BlackElo "1991"]
[PlyCount "163"]
[EventDate "2023.04.06"]
[EventType "swiss"]
[EventRounds "9"]
[EventCountry "CAN"]

1. e4 e6 2. d4 d5 3. e5 c5 4. c3 Nc6 5. Nf3 Bd7 6. a3 c4 7. Nbd2 Na5 8. Be2 Ne7
9. a4 Qb6 10. O-O Ng6 11. g3 Be7 12. h4 h6 13. Re1 Nf8 14. Nf1 Nb3 15. Ra2 Nh7
16. Ne3 O-O-O 17. Bf1 h5 18. Ng2 Rdg8 19. Bf4 g5 20. hxg5 Nxg5 21. Nxg5 Bxg5
22. Bxg5 Rxg5 23. Nh4 Qd8 24. Qf3 Nd2 25. Qe3 Ne4 26. Bg2 Rhg8 27. b3 cxb3 28.
Rb2 Bc6 29. Rc1 Rg4 30. Kf1 Kb8 31. Bf3 R4g7 32. Bxe4 dxe4 33. Rxb3 Bxa4 34.
Rb4 Bc6 35. c4 Qg5 36. Qxg5 Rxg5 37. Ke2 f6 38. exf6 Rf8 39. Ng2 Rxf6 40. Ne3
Ra5 41. Rb2 a6 42. Rh1 Ka7 43. Rh4 Ra3 44. Rxh5 Rd3 45. Nc2 Rdf3 46. Rh2 Ba4
47. Ne3 Rf7 48. Ke1 b5 49. c5 Rd7 50. Rd2 b4 51. Rh6 Bb5 52. Rxe6 Rh7 53. Rd1
Rh1+ 54. Kd2 Rxf2+ 55. Kc1 Rhh2 56. Rxe4 Ra2 57. Kb1 Rab2+ 58. Kc1 Ra2 59. Kb1
Ba4 60. Re7+ Kb8 61. Rf1 Rab2+ 62. Kc1 Rbf2 63. Rxf2 Rxf2 64. Nd5 b3 65. Kb1
Bb5 66. Re3 Bc4 67. Nc3 Rd2 68. d5 Bd3+ 69. Rxd3 Rxd3 70. Kb2 Rxg3 71. Kxb3 Rg4
72. Na2 a5 73. Nc3 Rb4+ 74. Ka3 Rc4 75. Nb5 Rxc5 76. Ka4 Rxd5 77. Kxa5 Kb7 78.
Kb4 Kb6 79. Na3 Rh5 80. Nc4+ Ka6 81. Nd6 Rd5 82. Ne4 1/2-1/2

[Event "RA March op"]
[Site "Ottawa CAN"]
[Date "2023.03.03"]
[Round "1.8"]
[White "Han, Johnathan"]
[Black "Zhu, Elber"]
[Result "1-0"]
[WhiteElo "2274"]
[BlackElo "1931"]
[PlyCount "61"]
[EventDate "2023.03.03"]
[EventType "swiss"]
[EventRounds "5"]
[EventCountry "CAN"]

1. e4 c5 2. Nf3 d6 3. d4 cxd4 4. Nxd4 Nf6 5. Nc3 a6 6. Bg5 e6 7. f4 Be7 8. Qf3
Nbd7 9. O-O-O Qc7 10. f5 e5 11. Nde2 b5 12. Bxf6 Nxf6 13. Nd5 Nxd5 14. exd5 Bb7
15. Ng3 Rc8 16. Bd3 Qc5 17. Be4 h5 18. h4 a5 19. Kb1 Qc4 20. b3 Qb4 21. Bd3 Rc5
22. f6 Bxf6 23. Ne4 Rxd5 24. Nxf6+ gxf6 25. Qxf6 Rf8 26. Rdf1 Rxd3 27. cxd3
Bxg2 28. Rc1 Bxh1 29. Rc8+ Kd7 30. Qf5+ Ke7 31. Rc7+ 1-0

[Event "RA March op"]
[Site "Ottawa CAN"]
[Date "2023.03.05"]
[Round "5.5"]
[White "Han, Johnathan"]
[Black "Kot, Emanuel"]
[Result "1-0"]
[WhiteElo "2274"]
[BlackElo "2114"]
[PlyCount "107"]
[EventDate "2023.03.03"]
[EventType "swiss"]
[EventRounds "5"]
[EventCountry "CAN"]

1. e4 e5 2. Nf3 Nc6 3. d4 exd4 4. Nxd4 Bb4+ 5. c3 Bc5 6. Nxc6 bxc6 7. Bd3 d6 8.
O-O Ne7 9. Nd2 O-O 10. Nb3 Bb6 11. Bg5 f6 12. Bh4 Ng6 13. Bg3 Bd7 14. Kh1 Qe7
15. f4 f5 16. Qc2 Qf6 17. Nd2 Rae8 18. Rae1 Kh8 19. Re2 Re7 20. Rfe1 Rfe8 21.
Nf3 fxe4 22. Bxe4 d5 23. Bxg6 Rxe2 24. Rxe2 Rxe2 25. Qxe2 Qxg6 26. Ne5 Qe6 27.
h3 c5 28. Qf3 c6 29. Bf2 Be8 30. a4 Bg6 31. a5 Be4 32. Qg3 Bxa5 33. Bxc5 Bb6
34. Bxb6 axb6 35. Kh2 c5 36. Qh4 Qe8 37. Qe1 Qa4 38. Qd2 Kg8 39. Qe2 g6 40. Qg4
Qe8 41. Nd7 Bf5 42. Nf6+ Kf7 43. Qg5 h6 44. Nxe8 hxg5 45. Nd6+ Ke6 46. Nxf5
Kxf5 47. fxg5 Kxg5 48. Kg3 Kf5 49. Kf3 g5 50. Ke3 Ke5 51. g3 Kf5 52. Kf3 b5 53.
b4 c4 54. Ke3 1-0

[Event "RA Winter op"]
[Site "Ottawa CAN"]
[Date "2023.01.20"]
[Round "1.7"]
[White "Han, Johnathan"]
[Black "Hadid, Mohammed"]
[Result "0-1"]
[WhiteElo "1660"]
[BlackElo "1942"]
[PlyCount "68"]
[EventDate "2023.01.20"]
[EventType "swiss"]
[EventRounds "5"]
[EventCountry "CAN"]

1. e4 e5 2. Nf3 Nc6 3. d4 exd4 4. Nxd4 Nf6 5. Nxc6 bxc6 6. e5 Qe7 7. Qe2 Nd5 8.
c4 Ba6 9. Nd2 Rb8 10. b3 g6 11. Qe4 Nb4 12. Bb2 Bg7 13. f4 c5 14. a3 Bb7 15.
Qb1 Nc6 16. Be2 O-O 17. O-O d6 18. Ne4 dxe5 19. f5 gxf5 20. Rxf5 Bc8 21. Rf2
Nd4 22. Bxd4 cxd4 23. Ng3 f5 24. Nxf5 Bxf5 25. Rxf5 e4 26. Rxf8+ Rxf8 27. Ra2
d3 28. Bg4 Bd4+ 29. Kh1 Qf6 30. g3 Qf1+ 31. Qxf1 Rxf1+ 32. Kg2 Rg1+ 33. Kh3 e3
34. b4 d2 0-1

[Event "RA Winter op"]
[Site "Ottawa CAN"]
[Date "2023.01.21"]
[Round "3.5"]
[White "Han, Johnathan"]
[Black "Wiebe, Isaac"]
[Result "1-0"]
[WhiteElo "2274"]
[BlackElo "2171"]
[PlyCount "63"]
[EventDate "2023.01.20"]
[EventType "swiss"]
[EventRounds "5"]
[EventCountry "CAN"]

1. e4 e6 2. d4 d5 3. e5 c5 4. c3 Nc6 5. Nf3 Bd7 6. a3 f6 7. Bd3 c4 8. Bc2 Qc7
9. Bf4 O-O-O 10. Nbd2 Be8 11. Bg3 f5 12. Qb1 Nge7 13. b3 cxb3 14. Nxb3 h6 15.
Nc5 Bf7 16. Nd2 g5 17. f3 Bg7 18. Bf2 Nb8 19. O-O b6 20. Ncb3 Kd7 21. Bd3 Rc8
22. c4 Ke8 23. Rc1 Qd8 24. Qb2 Bg6 25. a4 Nbc6 26. cxd5 exd5 27. a5 Kf7 28. Qa3
Qd7 29. Ba6 Rc7 30. Qd6 Qd8 31. Rc3 Nc8 32. Bxc8 1-0

[Event "RA Winter op"]
[Site "Ottawa CAN"]
[Date "2023.01.22"]
[Round "4.6"]
[White "Zhong, Ryan Yunhui"]
[Black "Han, Johnathan"]
[Result "0-1"]
[WhiteElo "1955"]
[BlackElo "2274"]
[PlyCount "68"]
[EventDate "2023.01.20"]
[EventType "swiss"]
[EventRounds "5"]
[EventCountry "CAN"]

1. e4 c5 2. Nf3 d6 3. Bb5+ Nd7 4. O-O a6 5. Bd3 Ngf6 6. c3 b5 7. Re1 Bb7 8. Bc2
Rc8 9. d3 e6 10. Nbd2 Be7 11. Nf1 O-O 12. Kh1 Qb6 13. h3 Rfd8 14. N3h2 b4 15.
f4 Nf8 16. Ng4 Nxg4 17. Qxg4 Bf6 18. e5 dxe5 19. fxe5 Be7 20. Ne3 Ng6 21. Nc4
Qc7 22. Bg5 Bd5 23. Bxe7 Qxe7 24. Nd6 Rc7 25. d4 bxc3 26. bxc3 cxd4 27. Bxg6
hxg6 28. cxd4 Rc2 29. Re2 Rxe2 30. Qxe2 Qh4 31. Qe3 Rb8 32. Qc3 Qf2 33. Rg1 Rb1
34. Qc8+ Kh7 0-1

[Event "RA Winter op"]
[Site "Ottawa CAN"]
[Date "2023.01.22"]
[Round "5.3"]
[White "Han, Johnathan"]
[Black "Sambuev, Bator"]
[Result "0-1"]
[WhiteElo "2274"]
[BlackElo "2483"]
[PlyCount "78"]
[EventDate "2023.01.20"]
[EventType "swiss"]
[EventRounds "5"]
[EventCountry "CAN"]

1. e4 e5 2. Nf3 d6 3. d4 exd4 4. Nxd4 Nf6 5. Nc3 Be7 6. Be2 O-O 7. O-O Re8 8.
f4 Bf8 9. Bf3 c6 10. Re1 Na6 11. Be3 Nc5 12. Bf2 a5 13. h3 a4 14. Qd2 Qa5 15.
Rad1 Ne6 16. a3 Nc5 17. Kh1 g6 18. g4 Nfd7 19. Bg2 Nb6 20. Qc1 Bd7 21. Nf3 Nc4
22. Bf1 Nxa3 23. Qd2 Bg7 24. e5 dxe5 25. fxe5 Red8 26. bxa3 Bxg4 27. Qe3 Bh6
28. Rxd8+ Rxd8 29. Ng5 Ne6 30. Bh4 Bf5 31. Qg3 Rd4 32. Nxe6 fxe6 33. Rd1 Rxd1
34. Nxd1 Qd5+ 35. Bg2 Qxd1+ 36. Kh2 Qd2 37. Qf3 Qf4+ 38. Qxf4 Bxf4+ 39. Bg3 Bc1
0-1

[Event "North America-ch U20"]
[Site "Mexico City MEX"]
[Date "2022.12.05"]
[Round "7.3"]
[White "Han, Johnathan"]
[Black "Hua, Eugene"]
[Result "1-0"]
[WhiteElo "2179"]
[BlackElo "2264"]
[PlyCount "115"]
[EventDate "2022.12.02"]
[EventType "swiss"]
[EventRounds "9"]
[EventCountry "MEX"]
[Source "Mark Crowther"]
[SourceDate "2022.12.12"]

1. e4 e6 2. d4 d5 3. Nc3 dxe4 4. Nxe4 Nd7 5. Nf3 Ngf6 6. Nxf6+ Nxf6 7. Bd3 c5
8. O-O cxd4 9. Nxd4 Bc5 10. Nf3 O-O 11. Bf4 b6 12. Qe2 Bb7 13. Rad1 Qe7 14. c3
Rfd8 15. h3 Rac8 16. Ne5 Nd5 17. Bg3 Bd6 18. c4 Nf6 19. Bb1 Ba8 20. Rfe1 Bc5
21. Kh2 Qb7 22. f4 Bb4 23. Rg1 Ne4 24. a3 Bc5 25. Rge1 Rxd1 26. Rxd1 Nf2 27.
Rg1 Nxh3 28. Rf1 Nf2 29. Rxf2 Bxf2 30. Qxf2 Rd8 31. Nf3 Qd7 32. Qc2 f5 33. Qe2
h6 34. Bh4 Re8 35. Ne5 Qd4 36. Bg3 Rd8 37. Nc6 Bxc6 38. Qxe6+ Kh8 39. Qxc6 Qxb2
40. Bxf5 Qf6 41. Qc7 Rf8 42. Be4 Qd4 43. Qe7 Qc5 44. Qxc5 bxc5 45. f5 Re8 46.
Bd5 Re3 47. Bf2 Rxa3 48. Bxc5 Ra1 49. Bd6 Rd1 50. Bb4 Ra1 51. Be7 Re1 52. Be6
a5 53. c5 Rc1 54. Bd5 Rd1 55. c6 Rc1 56. Bd6 a4 57. c7 a3 58. Be6 1-0

[Event "North America-ch U20"]
[Site "Mexico City MEX"]
[Date "2022.12.05"]
[Round "8.4"]
[White "Avila Rodriguez, Joshua Ad"]
[Black "Han, Johnathan"]
[Result "1-0"]
[WhiteElo "2230"]
[BlackElo "2179"]
[PlyCount "71"]
[EventDate "2022.12.02"]
[EventType "swiss"]
[EventRounds "9"]
[EventCountry "MEX"]
[Source "Mark Crowther"]
[SourceDate "2022.12.12"]

1. e4 c5 2. Nf3 d6 3. d4 cxd4 4. Nxd4 Nf6 5. Nc3 a6 6. Bg5 e6 7. f4 Nbd7 8. Qe2
Qc7 9. O-O-O b5 10. a3 Bb7 11. Kb1 Be7 12. h4 Rc8 13. Rh3 h5 14. Qe1 g6 15. Re3
e5 16. Nb3 exf4 17. Bxf4 Ng4 18. Rh3 Nde5 19. Be2 Bf6 20. Qd2 Rd8 21. Bg5 Qe7
22. Bxf6 Qxf6 23. Na5 Ba8 24. Nd5 Bxd5 25. Qxd5 O-O 26. Rf1 Qe7 27. Bxg4 hxg4
28. Rhh1 Kg7 29. h5 Rh8 30. hxg6 fxg6 31. Nc6 Nxc6 32. Qxc6 Rdf8 33. Qc3+ Qe5
34. Qc7+ Kg8 35. Rxf8+ Kxf8 36. Qd8+ 1-0

[Event "North America-ch U20"]
[Site "Mexico City MEX"]
[Date "2022.12.06"]
[Round "9.4"]
[White "Han, Johnathan"]
[Black "Hernandez Luna, Jose Angel"]
[Result "1-0"]
[WhiteElo "2179"]
[BlackElo "1986"]
[PlyCount "117"]
[EventDate "2022.12.02"]
[EventType "swiss"]
[EventRounds "9"]
[EventCountry "MEX"]
[Source "Mark Crowther"]
[SourceDate "2022.12.12"]

1. e4 e5 2. Nf3 Nc6 3. d4 exd4 4. Nxd4 Bc5 5. Nxc6 Qf6 6. Qf3 Qxf3 7. gxf3 bxc6
8. Be3 Bxe3 9. fxe3 d5 10. exd5 cxd5 11. Rg1 g6 12. c4 Nf6 13. Nc3 c6 14. cxd5
Nxd5 15. Nxd5 cxd5 16. O-O-O Be6 17. Rd4 Ke7 18. Bd3 Rhc8+ 19. Kd2 Rab8 20. b4
Rc7 21. Rc1 Rxc1 22. Kxc1 g5 23. Kd2 f5 24. b5 h5 25. Ra4 Rb7 26. Kc3 g4 27.
Rf4 Kf6 28. Kd4 Kg5 29. Ke5 Bc8 30. fxg4 Re7+ 31. Kd4 fxg4 32. Rf8 Be6 33. a4
h4 34. a5 g3 35. hxg3 hxg3 36. Bf1 Bf5 37. Rg8+ Kh4 38. b6 axb6 39. axb6 Re4+
40. Kc5 Re7 41. Ba6 Bg4 42. b7 g2 43. Rxg4+ Kxg4 44. b8=Q Rxe3 45. Qh2 Kf3 46.
Qg1 Rc3+ 47. Kxd5 Rc2 48. Kd4 Kg3 49. Bb7 Rb2 50. Be4 Re2 51. Kd3 Ra2 52. Ke3
Ra3+ 53. Kd2 Ra2+ 54. Kc3 Re2 55. Bd3 Ra2 56. Bc4 Ra3+ 57. Kb4 Rf3 58. Bd5 Rf2
59. Qe1 1-0

[Event "North American Youth U20"]
[Site "Mexico City MEX"]
[Date "2022.12.02"]
[Round "1.6"]
[White "Rivera Garcia, David Moises"]
[Black "Han, Johnathan"]
[Result "0-1"]
[WhiteElo "1779"]
[BlackElo "2179"]
[PlyCount "68"]
[EventDate "2022.12.02"]
[EventType "swiss"]
[EventRounds "9"]
[EventCountry "MEX"]
[Source "Mark Crowther"]
[SourceDate "2022.12.05"]

1. e4 c5 2. Nf3 d6 3. d4 cxd4 4. Nxd4 Nf6 5. Nc3 a6 6. Be3 e5 7. Nf3 Be7 8. h3
O-O 9. Bc4 Be6 10. Bb3 h6 11. Qd2 b5 12. Bd5 Nxd5 13. Nxd5 Nd7 14. Nxe7+ Qxe7
15. Rd1 Nf6 16. Qxd6 Qxd6 17. Rxd6 Nxe4 18. Rb6 Rfc8 19. c3 Bxa2 20. Nxe5 Re8
21. Nc6 Bc4 22. Na5 Bd3 23. g4 Rad8 24. Rxa6 b4 25. c4 Ng5 26. Ra7 Be4 27. O-O
Nf3+ 28. Kg2 Nd2+ 29. Kg1 Nxf1 30. Kxf1 Rd1+ 31. Ke2 Rb1 32. Bd4 Bg2+ 33. Kd2
Rd8 34. Nb3 Rxb2+ 0-1